000 01449nam0a2200361 4500
001 RU\NLR\bibl\1791449
005 20260405235929.0
010 _a978-5-903454-45-7
_91000
021 _aRU
_b2011-48403
_93440
035 _a(nilc)RSL-KNO-004962873
035 _a(NLR Aleph) 001782155
090 _a1704471
_c1704471
100 _a20110627d2010 |||y0rusy50 ca
101 0 _arus
_afre
_cfre
102 _aRU
105 _aa |||||||||
200 1 _aАрхеолог
_eвоображаемые беседы
_dUn archéologue
_fЖан-Поль Ле Биан
_g[пер. с фр.: Н. А. Павловская и др.]
_zfre
210 _aРостов-на-Дону
_cМедиа-Полис
_d2010
215 _a275 с., [16] л. цв. ил.
_cил.
_d22
300 _aАвт. также на фр. яз.: Jean-Paul Le Bihan
300 _aТекст парал. рус., фр.
510 1 _6z20790
_aUn archéologue
_zfre
606 1 _aАрхеология
_xИстория
_91028410
_3RU\NLR\auth\6676424
686 _aТ4г(4Фр)д.Ле Биан Ж.-П.
_2rubbk
686 _aТ4,0
_2rubbk
686 _aТ4г(0)
700 1 _4070
_8rus
_7ca
_aЛе Биан
_bЖ. П.
_f1944-
_gЖан Поль
_3RU\NLR\auth\77109514
_992439
790 1 _4070
_8fre
_7ba
_aLe Bihan
_bJ. P.
_f1944-
_gJean-Paul
_3RU\NLR\auth\77109506
_992431
801 0 _aRU
_bRuMoRKP
_c20110627
_grcr
801 1 _aRU
_bРГБ
_c20110627
801 2 _aRU
_bNLR
_c20110722
_grcr
942 _cBOOK
980 _aNB